[Event "Superettan(Orgryte-SodraSASS)"]
[Site "?"]
[Date "2011.11.12"]
[Round "2"]
[White "Kumar, Rahul"]
[Black "Holmqvist, Gunnar"]
[Result "1/2-1/2"]
[WhiteElo "2149"]
[BlackElo "2265"]
[PlyCount "236"]

1. Nf3 Nf6 2. d4 e6 3. Bg5 Be7 4. e3 b6 5. Nbd2 Bb7 6. Bd3 h6 7. Bh4 d6 8. O-O
Nbd7 9. e4 e5 10. c3 O-O 11. Qe2 Re8 12. Rad1 Nh5 13. Bg3 Bf6 14. Rfe1 a6 15.
Bb1 Qe7 16. Nf1 g6 17. Qd2 Nxg3 18. Nxg3 Bg5 19. Qd3 Rad8 20. d5 Nc5 21. Qc2
Bf4 22. Ne2 Bg5 23. b4 Nd7 24. Nxg5 Qxg5 25. Rd3 Bc8 26. Rg3 Qe7 27. Qd2 Kg7
28. f4 exf4 29. Nxf4 Ne5 30. Rf1 Kh7 31. Nd3 Rf8 32. Nxe5 Qxe5 33. Rgf3 Kg7 34.
Qf2 f6 35. c4 Bg4 36. Rg3 Bd7 37. c5 bxc5 38. bxc5 Bb5 39. Rc1 c6 40. cxd6 Rxd6
41. a4 Bxa4 42. Ba2 Rfd8 43. Qa7+ R6d7 44. Qxa6 Qd4+ 45. Kh1 Qb2 46. Qc4 cxd5
47. exd5 Rxd5 48. h3 Bb5 49. Qc2 Qxc1+ 50. Qxc1 Rd1+ 51. Qxd1 Rxd1+ 52. Kh2 Bc6
53. Be6 h5 54. Rc3 Be4 55. Re3 f5 56. Re2 h4 57. Ra2 Kf6 58. Bc4 Ke5 59. Be2
Re1 60. Rb2 Kf4 61. Ba6 g5 62. Re2 Rc1 63. Rf2+ Ke3 64. Re2+ Kd4 65. Rd2+ Ke5
66. Re2 Rd1 67. Bc8 Kd4 68. Be6 Rf1 69. Bc8 Ke5 70. Ba6 Ra1 71. Bc8 Kd4 72. Bd7
Rc1 73. Rf2 Rc5 74. Rb2 Ke3 75. Be6 Rc1 76. Ra2 Rc6 77. Bd7 Rd6 78. Bc8 Rd1 79.
Be6 Rc1 80. Bd7 Bd5 81. Rb2 Be4 82. Ra2 f4 83. Bg4 Rc2 84. Ra3+ Kd4 85. Bf3
Bxf3 86. Rxf3 Rc1 87. Ra3 Rc2 88. Rf3 Rc1 89. Rb3 Rc2 90. Ra3 Re2 91. Kg1 Rc2
92. Ra5 Rc5 93. Ra3 Ke4 94. Ra4+ Kf5 95. Ra8 Re5 96. Kf2 Rd5 97. Rb8 Rd2+ 98.
Kf1 Rd6 99. Rb5+ Kf6 100. Rb8 Rd3 101. Kg1 Rg3 102. Kf2 Ke6 103. Rb6+ Kd5 104.
Rb4 Ke5 105. Rb5+ Kf6 106. Rb6+ Kf5 107. Rb5+ Kg6 108. Rb6+ Kh5 109. Rb5 f3
110. gxf3 Rxh3 111. f4 Rg3 112. Rxg5+ Rxg5 113. fxg5 Kxg5 114. Kg2 Kg4 115. Kh2
h3 116. Kh1 Kg3 117. Kg1 h2+ 118. Kh1 Kh3 1/2-1/2

[Event "Superettan(Orgryte-SodraSASS)"]
[Site "?"]
[Date "2011.11.12"]
[Round "2"]
[White "Adler, Bo"]
[Black "Eksmyr, Johan"]
[Result "1/2-1/2"]
[WhiteElo "2220"]
[BlackElo "2122"]
[PlyCount "88"]

1. d4 Nf6 2. c4 g6 3. Nc3 d5 4. Nf3 Bg7 5. Bg5 Ne4 6. cxd5 Nxg5 7. Nxg5 e6 8.
Qd2 exd5 9. Qe3+ Kf8 10. Qf4 Bf6 11. h4 h6 12. Nf3 Kg7 13. O-O-O Be6 14. e4
dxe4 15. d5 Bxc3 16. dxe6 Qf6 17. Qxf6+ Bxf6 18. Nd2 e3 19. fxe3 fxe6 20. Ne4
Rd8 21. Bc4 Rxd1+ 22. Rxd1 Bxh4 23. Bxe6 Na6 24. Rd7+ Kh8 25. Bf7 Rd8 26. Rxd8+
Bxd8 27. Bxg6 Kg7 28. Bf5 Nb4 29. Nc3 Kf6 30. Be4 c6 31. a3 Na6 32. b4 Be7 33.
Kc2 Ke5 34. Kd3 Nc7 35. Bf3 a5 36. bxa5 Bxa3 37. Kc4 Bc1 38. Kd3 Ba3 39. Kc4
Na6 40. Bg4 Kd6 41. Ne4+ Ke5 42. Nf2 Kd6 43. Nd3 Kc7 44. e4 Be7 1/2-1/2

[Event "Superettan(Orgryte-SodraSASS)"]
[Site "?"]
[Date "2011.11.12"]
[Round "2"]
[White "Forsberg, Jan-Olof"]
[Black "Fors, Tomas"]
[Result "1-0"]
[WhiteElo "2106"]
[BlackElo "2030"]
[PlyCount "47"]

1. d4 Nf6 2. c4 e6 3. Nf3 b6 4. a3 Ba6 5. Qc2 Bb7 6. Nc3 c5 7. e4 cxd4 8. Nxd4
Bc5 9. Nb3 Nc6 10. Bf4 Nh5 11. Nxc5 bxc5 12. Be3 Nd4 13. Bxd4 cxd4 14. Nb5 O-O
15. Nxd4 Qa5+ 16. Qd2 Qxd2+ 17. Kxd2 Bxe4 18. Ke3 f5 19. f3 Bb7 20. Be2 e5 21.
Nb5 d5 22. cxd5 Bxd5 23. Nc7 Rad8 24. Nxd5 1-0

[Event "Superettan(Orgryte-SodraSASS)"]
[Site "?"]
[Date "2011.11.12"]
[Round "2"]
[White "Alqvist, Erik"]
[Black "Goransson, Michael"]
[Result "1/2-1/2"]
[WhiteElo "1993"]
[BlackElo "2013"]
[PlyCount "89"]
[EventDate "2011.??.??"]

1. e4 e6 2. d4 d5 3. Nc3 Bb4 4. e5 c5 5. a3 Bxc3+ 6. bxc3 Nc6 7. a4 Nge7 8. Nf3
Qc7 9. Bd3 Bd7 10. O-O c4 11. Be2 O-O-O 12. Ba3 Be8 13. Qd2 h6 14. Rfb1 g5 15.
a5 Nf5 16. g4 Nfe7 17. Bd6 Rxd6 18. exd6 Qxd6 19. Qe3 Ng6 20. Bf1 a6 21. Rb6
Qc7 22. Ne5 Ncxe5 23. dxe5 Qxe5 24. Qc5+ Qc7 25. Qd4 h5 26. gxh5 Rxh5 27. h3
Ne5 28. Bg2 Rxh3 29. Re1 Nf3+ 30. Bxf3 Qh2+ 31. Kf1 Rxf3 32. Re5 Rxf2+ 33. Qxf2
Qxe5 34. Qc5+ Qc7 35. Qf8 Qd8 36. Kg1 Bd7 37. Qxf7 Kc7 38. Rxe6 Kc8 39. Rd6 Qc7
40. Qg8+ Qd8 41. Qxd5 Qe8 42. Qxc4+ Kb8 43. Qd4 Qe1+ 44. Kh2 Qe2+ 45. Kg1
1/2-1/2

[Event "Superettan(Orgryte-SodraSASS)"]
[Site "?"]
[Date "2011.11.12"]
[Round "2"]
[White "Svedberg, Hans"]
[Black "Nordenstrom, Sven"]
[Result "1-0"]
[WhiteElo "2078"]
[BlackElo "1983"]
[PlyCount "53"]

1. e4 c5 2. Nf3 Nc6 3. Bb5 e6 4. O-O Nge7 5. c3 a6 6. Ba4 b5 7. Bc2 Qc7 8. Re1
d6 9. a4 b4 10. d4 Ng6 11. Nbd2 e5 12. a5 Be7 13. Nc4 O-O 14. d5 Nb8 15. Nb6
Ra7 16. cxb4 cxb4 17. Be3 Rb7 18. Bd3 Qd8 19. Rc1 Rc7 20. Nxc8 Qxc8 21. Qb3
Rxc1 22. Rxc1 Qb7 23. Rc4 Nd7 24. Qxb4 Qa8 25. Rc6 Rb8 26. Qc3 Qb7 27. Rc7 1-0

[Event "Superettan(Orebro-Farsta)"]
[Site "?"]
[Date "2011.11.12"]
[Round "2"]
[White "Livner, Anders"]
[Black "Nygren, Kim"]
[Result "1-0"]
[WhiteElo "2439"]
[BlackElo "2336"]
[PlyCount "53"]

1. d4 d5 2. c4 c6 3. Nc3 Nf6 4. e3 a6 5. Nf3 g6 6. a4 Bg7 7. a5 O-O 8. Qb3 Ne4
9. Bd3 dxc4 10. Bxc4 Nd6 11. Be2 Bg4 12. O-O Nd7 13. Rd1 Rc8 14. Qb4 Bxf3 15.
Bxf3 c5 16. dxc5 Rxc5 17. Nd5 Kh8 18. Be2 Rc6 19. Bd2 e6 20. Nc3 Qc7 21. Be1
Ne5 22. Na4 Rd8 23. Bc3 Nec4 24. Bf3 e5 25. Bxc6 bxc6 26. Nb6 c5 27. Qa4 1-0

[Event "Superettan(Orebro-Farsta)"]
[Site "?"]
[Date "2011.11.12"]
[Round "2"]
[White "Alm, Hakan"]
[Black "Ong, Kezli"]
[Result "0-1"]
[WhiteElo "2325"]
[BlackElo "2311"]
[PlyCount "180"]

1. c4 e5 2. Nc3 Nf6 3. Nf3 Nc6 4. e3 Bb4 5. Qc2 O-O 6. Nd5 Re8 7. Qf5 d6 8.
Nxf6+ Qxf6 9. Qxf6 gxf6 10. a3 Bc5 11. d3 a5 12. b3 Bg4 13. Bb2 f5 14. Be2 f4
15. Kd2 fxe3+ 16. fxe3 e4 17. d4 exf3 18. gxf3 Bh5 19. Rag1+ Bg6 20. dxc5 dxc5
21. Rg5 Rad8+ 22. Rd5 Ne7 23. Rxd8 Rxd8+ 24. Kc1 Nf5 25. Bf6 Rd6 26. Bg5 Rb6
27. Bd1 a4 28. bxa4 Nd6 29. e4 Nxc4 30. h4 h5 31. Bf4 Nxa3 32. Bxc7 Rb1+ 33.
Kd2 Kh7 34. Re1 Nc4+ 35. Ke2 Rb2+ 36. Kd3 Na3 37. f4 f6 38. Bd8 f5 39. Kc3 Rb1
40. exf5 Bxf5 41. Re7+ Kg6 42. Bf3 Rb4 43. Re1 Nb1+ 44. Rxb1 Bxb1 45. a5 Be4
46. Be2 Bf5 47. Bc4 Rb1 48. Be7 Ra1 49. Bd8 Ra3+ 50. Kb2 Rf3 51. Bg5 Be4 52.
Be6 Rd3 53. Be7 Rd2+ 54. Kc3 Rc2+ 55. Kb3 Rc1 56. Bg5 Rb1+ 57. Kc3 Ra1 58. Bd8
Rd1 59. Bg5 Rd6 60. Bc4 Kf5 61. Be2 Kg6 62. Bb5 Kf5 63. Be2 Kg6 64. Bb5 Kf7 65.
Be2 Bg6 66. Bc4+ Kg7 67. Be7 Rc6 68. Bb5 Rc8 69. Bd6 Bf5 70. Bc4 Kf6 71. Bd5
Ra8 72. Bc7 Bc8 73. Kc4 Be6 74. Bxe6 Kxe6 75. Kxc5 Kd7 76. Kb6 Kc8 77. Be5 Ra6+
78. Kb5 Kd7 79. f5 Rc6 80. Bd4 Kd6 81. f6 Ke6 82. Kb4 Rc1 83. Kb5 Rc6 84. Kb4
Kf7 85. Kb5 Re6 86. Bc3 Re3 87. Ba1 Rb3+ 88. Kc5 Ra3 89. Bd4 Rxa5+ 90. Kb6 Ra4
0-1

[Event "Superettan(Orebro-Farsta)"]
[Site "?"]
[Date "2011.11.12"]
[Round "2"]
[White "Backelin, Rikard"]
[Black "Gruvaeus, Curt"]
[Result "1/2-1/2"]
[WhiteElo "2440"]
[BlackElo "2324"]
[PlyCount "72"]
[EventDate "2011.??.??"]

1. e4 g6 2. d4 Bg7 3. Nc3 d6 4. Nge2 b6 5. g3 c5 6. Bg2 Bb7 7. d5 Na6 8. O-O
Nc7 9. a4 a6 10. Qd3 Nf6 11. Bg5 Nd7 12. f4 h6 13. Bh4 g5 14. fxg5 Ne5 15. Qd2
hxg5 16. Bxg5 b5 17. Rae1 b4 18. Nd1 a5 19. Ne3 Bc8 20. b3 Bg4 21. Nxg4 Nxg4
22. Qf4 Ne5 23. Qf5 Qd7 24. Qxd7+ Kxd7 25. Bf4 Raf8 26. Rd1 Ne8 27. h3 Ng6 28.
Be3 Nf6 29. Nf4 Bh6 30. Rfe1 Bxf4 31. gxf4 Rfg8 32. Kf2 Nh5 33. f5 Ne5 34. Rg1
Rg3 35. Rh1 Rhg8 36. Rh2 R8g7 1/2-1/2

[Event "Superettan(Orebro-Farsta)"]
[Site "?"]
[Date "2011.11.12"]
[Round "2"]
[White "Zetterberg, Staffan"]
[Black "Hjelm, Niclas"]
[Result "1/2-1/2"]
[WhiteElo "2314"]
[BlackElo "2367"]
[PlyCount "29"]
[SourceDate "2011.11.20"]

1. Nf3 d5 2. g3 g6 3. c4 c6 4. Bg2 Bg7 5. O-O Nf6 6. cxd5 cxd5 7. d4 O-O 8. Nc3
Ne4 9. Nxe4 dxe4 10. Ng5 Qxd4 11. Qxd4 Bxd4 12. Rd1 Nc6 13. Bxe4 Bg7 14. Rb1 h6
15. Nf3 1/2-1/2

[Event "Superettan(Orebro-Farsta)"]
[Site "?"]
[Date "2011.11.12"]
[Round "2"]
[White "Lagerborg, Krister"]
[Black "Lundin, Jan"]
[Result "0-1"]
[WhiteElo "2099"]
[BlackElo "2297"]
[PlyCount "80"]

1. e4 c6 2. d4 d5 3. e5 Bf5 4. Nf3 e6 5. Be2 c5 6. Be3 Nc6 7. c4 cxd4 8. Nxd4
Bb4+ 9. Nc3 Nge7 10. O-O dxc4 11. Bxc4 O-O 12. Nxc6 Nxc6 13. Qb3 Qe7 14. a3 Bc5
15. Na4 Bd4 16. Bxd4 Nxd4 17. Qc3 Nc2 18. Rad1 Rac8 19. Qb3 Qc7 20. Bd3 Nd4 21.
Qb4 Nc6 22. Qf4 Bxd3 23. Rxd3 Qxe5 24. Qd2 Rfd8 25. Rd1 h6 26. Qc3 Rxd3 27.
Rxd3 Ne7 28. Qd2 Qa5 29. Nc3 Nd5 30. g3 Nxc3 31. Rxc3 Rxc3 32. bxc3 Qxa3 33.
Qd8+ Qf8 34. Qc7 Qa8 35. c4 a5 36. Qe7 a4 37. Qa3 Qa6 38. c5 Qb5 39. Qc1 Qb3
40. h4 a3 0-1

[Event "Superettan(Orebro-Farsta)"]
[Site "?"]
[Date "2011.11.12"]
[Round "2"]
[White "Lind, Jan-Olov"]
[Black "Wieweg, Johnny"]
[Result "1-0"]
[WhiteElo "2253"]
[BlackElo "2191"]
[PlyCount "73"]

1. e4 e5 2. Nf3 Nc6 3. Be2 Nf6 4. d3 d5 5. Nbd2 Be7 6. O-O O-O 7. h3 Be6 8. c3
h6 9. Re1 Qd7 10. Bf1 dxe4 11. dxe4 Rad8 12. b4 Bd6 13. Nh4 Ne7 14. Qf3 Kh7 15.
Nc4 Ne8 16. Ne3 g6 17. a3 Ng8 18. Bb2 Qe7 19. g3 Qf6 20. Qe2 c6 21. c4 g5 22.
Nhf5 Bc7 23. Ng4 Qh8 24. Rad1 Rxd1 25. Rxd1 f6 26. c5 Kg6 27. b5 Bc8 28. bxc6
bxc6 29. Qc4 Ng7 30. Nd6 Ne7 31. Nxc8 Rxc8 32. Qa6 Bb8 33. Rd7 Qe8 34. Qb7 Kf7
35. Nxh6+ Kf8 36. Ng4 Rd8 37. Nxf6 1-0

[Event "Superettan(Orebro-Farsta)"]
[Site "?"]
[Date "2011.11.12"]
[Round "2"]
[White "Engstrom, Stefan"]
[Black "Drugge, Patrick"]
[Result "1/2-1/2"]
[WhiteElo "2119"]
[BlackElo "2230"]
[PlyCount "37"]
[EventDate "2011.??.??"]

1. d4 d5 2. Nf3 c6 3. e3 e6 4. Bd3 Bd6 5. e4 dxe4 6. Bxe4 Nf6 7. Bd3 Nd5 8. O-O
Nf4 9. Bxf4 Bxf4 10. Nc3 Nd7 11. Qe2 Nf6 12. Ne4 b6 13. Rad1 Bb7 14. c4 Qe7 15.
Ne5 O-O-O 16. g3 Bxe5 17. dxe5 Nxe4 18. Bxe4 c5 19. Qe3 1/2-1/2

[Event "Superettan(Orebro-Farsta)"]
[Site "?"]
[Date "2011.11.12"]
[Round "2"]
[White "Jonsson, Krister"]
[Black "Hedin, Gunnar"]
[Result "1/2-1/2"]
[WhiteElo "2120"]
[BlackElo "2082"]
[PlyCount "137"]
[SourceDate "2011.11.20"]

1. d4 f5 2. g3 Nf6 3. Bg2 g6 4. Nh3 Bg7 5. Nf4 Nc6 6. O-O O-O 7. c3 a5 8. a4 e5
9. dxe5 Nxe5 10. Qb3+ Kh8 11. Na3 Qe7 12. Be3 c6 13. Bd4 d5 14. c4 Nxc4 15.
Nxc4 dxc4 16. Qxc4 Re8 17. Rad1 Be6 18. Nxe6 Qxe6 19. Qxe6 Rxe6 20. e3 Kg8 21.
Bc3 Kf7 22. Rd3 Bf8 23. Rfd1 Be7 24. Kf1 Bc5 25. Rd8 Rxd8 26. Rxd8 Bb4 27. Bxb4
axb4 28. Rd4 c5 29. Rc4 b6 30. Ke2 Ke7 31. a5 bxa5 32. Rxc5 Ra6 33. Rb5 Kd6 34.
h3 Nd7 35. Kd3 Ne5+ 36. Kd4 Nc6+ 37. Kc4 Ne5+ 38. Kd4 Nc6+ 39. Bxc6 Kxc6 40.
Kc4 Ra8 41. g4 fxg4 42. hxg4 Rf8 43. f4 Re8 44. Rxa5 Rxe3 45. Rc5+ Kb6 46. Kxb4
h5 47. gxh5 gxh5 48. Rxh5 Re4+ 49. Kc3 Rxf4 50. Rd5 Rh4 51. Rd4 Rh6 52. Kb4 Rg6
53. b3 Rh6 54. Rc4 Rg6 55. Ka4 Rh6 56. Rg4 Rf6 57. Rg8 Rh6 58. Rb8+ Ka7 59. Rb5
Ka6 60. Ra5+ Kb6 61. b4 Rh1 62. Rb5+ Kc6 63. Rc5+ Kb6 64. Kb3 Rb1+ 65. Kc4 Rc1+
66. Kd5 Rb1 67. Kc4 Rc1+ 68. Kd5 Rd1+ 69. Kc4 1/2-1/2

[Event "Superettan(Schack 08-Wasa)"]
[Site "?"]
[Date "2011.11.12"]
[Round "2"]
[White "Astrom, Goran"]
[Black "Renman, Nils-Gustaf"]
[Result "1/2-1/2"]
[WhiteElo "2323"]
[BlackElo "2429"]
[PlyCount "96"]

1. e4 e6 2. d4 d5 3. Nd2 c5 4. exd5 exd5 5. Ngf3 cxd4 6. Nb3 Nc6 7. Be2 Bd6 8.
Nbxd4 Nge7 9. O-O O-O 10. Be3 a6 11. Qd2 Qc7 12. Rfd1 Bg4 13. h3 Bh5 14. Nh4
Bxe2 15. Qxe2 g6 16. Nhf3 Rfe8 17. Qd2 Na5 18. Bh6 Nc4 19. Qg5 Be5 20. Nxe5
Qxe5 21. Qxe5 Nxe5 22. Bf4 N7c6 23. Bxe5 Rxe5 24. Nf3 Re2 25. Rd2 Rxd2 26. Nxd2
Rc8 27. Nf3 Na5 28. c3 Nc4 29. Rb1 f6 30. Kf1 Kf7 31. Ke2 Re8+ 32. Kd3 Ne5+ 33.
Ke2 Nxf3+ 34. Kxf3 Re4 35. Rd1 Ke6 36. Rd4 Ke5 37. Rd1 f5 38. g3 g5 39. Rd2 h5
40. Kg2 Re1 41. f3 f4 42. Kf2 Ra1 43. Re2+ Kf6 44. gxf4 gxf4 45. a3 Rb1 46. h4
a5 47. Kg2 b5 48. Kf2 Kf5 1/2-1/2

[Event "Superettan(Schack 08-Wasa)"]
[Site "?"]
[Date "2011.11.12"]
[Round "2"]
[White "Ingbrant, Johan"]
[Black "Wedberg, Tom"]
[Result "0-1"]
[WhiteElo "2489"]
[BlackElo "2536"]
[PlyCount "124"]

1. d4 Nf6 2. c4 e6 3. Nc3 Bb4 4. e3 b6 5. Nge2 Ne4 6. f3 Bxc3+ 7. bxc3 Nd6 8.
Ng3 f5 9. Bd3 O-O 10. O-O Nc6 11. e4 Ba6 12. exf5 Nxf5 13. Nxf5 exf5 14. Qc2
Qf6 15. Ba3 d6 16. Rae1 Qf7 17. c5 Bxd3 18. Qxd3 dxc5 19. d5 Rad8 20. c4 Nd4
21. Bb2 c6 22. Bxd4 cxd4 23. Qxd4 cxd5 24. c5 bxc5 25. Qxc5 Rd7 26. Rd1 Rfd8
27. Rd4 Qe6 28. Qc3 Qb6 29. Rfd1 Rc7 30. Qb3 Rc1 31. Kf2 Rxd1 32. Qxd1 Qb2+ 33.
Rd2 Qb6+ 34. Rd4 Qb2+ 35. Rd2 Qe5 36. Rd4 Qxh2 37. Rxd5 Qh4+ 38. Kg1 Re8 39.
Kf1 Qh1+ 40. Kf2 Qh4+ 41. Kf1 Qc4+ 42. Kg1 Qxa2 43. Rd8 Qe6 44. Rxe8+ Qxe8 45.
Qd5+ Kh8 46. Qxf5 Qe1+ 47. Kh2 Qh4+ 48. Kg1 Qd8 49. g4 a5 50. Qe4 h6 51. Kg2
Qd2+ 52. Kh3 Qb4 53. Qf5 Qc3 54. Qf7 Qc8 55. Qa7 Qc6 56. Qxa5 Qxf3+ 57. Kh4 Kh7
58. Qa7 Qf4 59. Kh3 Qf3+ 60. Kh4 Qg2 61. Qc7 Qf2+ 62. Kh5 Qf6 0-1

[Event "Superettan(Schack 08-Wasa)"]
[Site "?"]
[Date "2011.11.12"]
[Round "2"]
[White "Bracker, Arne"]
[Black "Faldt, Magnus"]
[Result "0-1"]
[WhiteElo "2272"]
[BlackElo "2240"]
[PlyCount "76"]

1. d4 d5 2. c4 c6 3. Nf3 Nf6 4. e3 Bf5 5. Nc3 e6 6. Nh4 Bg6 7. Be2 Nbd7 8. O-O
Bd6 9. g3 Qe7 10. Qb3 Rb8 11. cxd5 exd5 12. f3 O-O 13. a4 a6 14. Nxg6 hxg6 15.
Bd2 c5 16. Nxd5 Nxd5 17. Qxd5 Nf6 18. Qb3 cxd4 19. e4 Rfd8 20. Rae1 Nd7 21. Qd5
Ne5 22. Qb3 d3 23. Bd1 b5 24. f4 Nc4 25. Bc3 Bc5+ 26. Kh1 Ne3 27. Rxe3 Bxe3 28.
Bf3 b4 29. Be5 Rbc8 30. Rd1 Rc1 31. Kg2 Rxd1 32. Bxd1 Qc5 33. h4 Qc1 34. Kh3
Qd2 35. f5 gxf5 36. Bh5 Rd7 37. Qc4 Qc1 38. Qxa6 Qh1# 0-1

[Event "Superettan(Schack 08-Wasa)"]
[Site "?"]
[Date "2011.11.12"]
[Round "2"]
[White "Ottenklev, Niclas"]
[Black "Soderberg, Per"]
[Result "1/2-1/2"]
[WhiteElo "2204"]
[BlackElo "2230"]
[PlyCount "126"]
[EventDate "2011.??.??"]

1. e4 c5 2. Nf3 d6 3. d4 cxd4 4. Qxd4 Nc6 5. Bb5 Bd7 6. Bxc6 Bxc6 7. Nc3 Qa5 8.
O-O Nf6 9. Bd2 e5 10. Qd3 Qb6 11. Bg5 Nd7 12. Nd5 Bxd5 13. Qxd5 Qc6 14. Qxc6
bxc6 15. c4 Nc5 16. Nd2 a5 17. f3 Nd3 18. b3 d5 19. cxd5 Bc5+ 20. Kh1 cxd5 21.
exd5 Nf2+ 22. Rxf2 Bxf2 23. Nc4 f6 24. Bd2 a4 25. Rc1 axb3 26. axb3 O-O 27. d6
Rfc8 28. g3 Bc5 29. Rd1 Bd4 30. Bb4 h5 31. f4 Kh7 32. Kg2 Kg6 33. fxe5 fxe5 34.
d7 Rcb8 35. Be7 Kf5 36. d8=Q Rxd8 37. Bxd8 Rxd8 38. Kf3 Rb8 39. Rb1 e4+ 40. Ke2
Ra8 41. Rf1+ Ke6 42. Rd1 Bc5 43. Rb1 Ra2+ 44. Rb2 Rxb2+ 45. Nxb2 Kd5 46. Nc4 g6
47. Ne3+ Kd4 48. Ng2 Ke5 49. Ne3 g5 50. Nc4+ Kd4 51. Ne3 Ke5 52. Nc4+ Kf6 53.
Ne3 Kg6 54. Nd5 Kf5 55. b4 Bd6 56. b5 h4 57. gxh4 gxh4 58. h3 Ke5 59. Ne3 Kf4
60. b6 Bb8 61. Nf1 Be5 62. b7 Bb8 63. Nd2 Ba7 1/2-1/2

[Event "Superettan(Schack 08-Wasa)"]
[Site "?"]
[Date "2011.11.12"]
[Round "2"]
[White "Nordstrom, Felix"]
[Black "Schutz, Ingemar"]
[Result "1-0"]
[WhiteElo "2159"]
[BlackElo "2232"]
[PlyCount "84"]
[SourceDate "2011.11.20"]

1. d4 Nf6 2. c4 e5 3. dxe5 Ne4 4. Nf3 Nc6 5. Nbd2 Nc5 6. g3 b6 7. Bg2 Bb7 8.
O-O Qe7 9. b3 Nxe5 10. Bb2 Ng4 11. Qc2 h5 12. e4 O-O-O 13. h3 Nh6 14. Rae1 Rg8
15. Nd4 h4 16. g4 f6 17. f4 g5 18. Nf5 Nxf5 19. exf5 Qd6 20. Bxb7+ Kxb7 21. Ne4
Nxe4 22. Qxe4+ Kb8 23. Rd1 Qc5+ 24. Bd4 Qa5 25. Bxf6 Bc5+ 26. Bd4 Rge8 27. Qg2
Bxd4+ 28. Rxd4 Re3 29. Qd2 Qxd2 30. Rxd2 gxf4 31. Rxf4 Rxh3 32. f6 Rg3+ 33. Rg2
Rd3 34. f7 Rf8 35. g5 h3 36. Rgg4 Rd6 37. g6 h2+ 38. Kxh2 Rd2+ 39. Kg3 Rd3+ 40.
Rf3 Rxf3+ 41. Kxf3 Kb7 42. Kf4 c6 1-0

[Event "Superettan(Schack 08-Wasa)"]
[Site "?"]
[Date "2011.11.12"]
[Round "2"]
[White "Fredriksson, Leif"]
[Black "Collett, Peter"]
[Result "1/2-1/2"]
[WhiteElo "2131"]
[BlackElo "2262"]
[PlyCount "150"]

1. e4 e5 2. Nf3 Nc6 3. Bb5 a6 4. Ba4 Nf6 5. O-O Be7 6. Re1 b5 7. Bb3 d6 8. c3
O-O 9. h3 Na5 10. Bc2 c5 11. d4 Qc7 12. Nbd2 Rd8 13. d5 c4 14. Nf1 Nb7 15. Bg5
a5 16. Ng3 g6 17. Qd2 Nc5 18. Nh2 Rb8 19. Rf1 Ne8 20. Be3 b4 21. f4 Ba6 22. Ng4
f6 23. f5 b3 24. Bd1 Rb7 25. a3 Rdb8 26. h4 Bd8 27. fxg6 hxg6 28. h5 g5 29.
Nh6+ Kh7 30. Nhf5 Nd3 31. h6 Nf4 32. Nh1 Qd7 33. g3 Ng6 34. Bh5 Rc7 35. Rf2 Bc8
36. Rh2 Qb5 37. Qf2 Nh8 38. Bxe8 Qxe8 39. Nxd6 Qg6 40. Rf1 Be7 41. Nxc8 Rcxc8
42. Qf3 Nf7 43. Nf2 Nd6 44. Re1 Rb7 45. Bd2 f5 46. exf5 Qxf5 47. Qxf5+ Nxf5 48.
Ne4 Kg6 49. h7 Rh8 50. Rf1 Rd7 51. Rhf2 Nh6 52. d6 Bd8 53. Rf8 Rdxh7 54. Rxh8
Rxh8 55. Be3 Ng4 56. Bc5 Nf6 57. Nd2 Nd7 58. Be3 Bb6 59. Nxc4 Bxe3+ 60. Nxe3
Nc5 61. Nc4 Nd3 62. Nxa5 Nxb2 63. Nc6 Nc4 64. d7 b2 65. a4 Nd2 66. Rd1 b1=Q 67.
Rxb1 Nxb1 68. Nxe5+ Kf6 69. Nc6 Nxc3 70. a5 Ke6 71. d8=Q Rxd8 72. Nxd8+ Kd7 73.
Nf7 Ne4 74. Kg2 Kc6 75. Kf3 Nxg3 1/2-1/2

[Event "Superettan(Schack 08-Wasa)"]
[Site "?"]
[Date "2011.11.12"]
[Round "2"]
[White "Wenzel, Birger"]
[Black "Hansson, Christian"]
[Result "0-1"]
[WhiteElo "2060"]
[BlackElo "2100"]
[PlyCount "98"]
[EventDate "2011.??.??"]

1. d4 Nf6 2. c4 e5 3. dxe5 Ng4 4. Bf4 Nc6 5. Nf3 Bb4+ 6. Nbd2 Qe7 7. e3 Ngxe5
8. Nxe5 Nxe5 9. Be2 d6 10. O-O a5 11. Nb3 a4 12. a3 Bc3 13. bxc3 axb3 14. Qxb3
Nd7 15. Rfe1 O-O 16. Qc2 Nc5 17. Bf3 Bd7 18. e4 Ba4 19. Qe2 f6 20. Be3 Ra5 21.
Rab1 Bc6 22. Bxc5 Rxc5 23. Bg4 Re8 24. f3 f5 25. Bh3 fxe4 26. fxe4 Re5 27. Qf2
Rxe4 28. Rxe4 Qxe4 29. Rf1 Qe3 30. Qxe3 Rxe3 31. Rf4 g6 32. Kf2 Re5 33. g3 Kg7
34. Bg4 g5 35. Rd4 Ra5 36. h4 h6 37. Be6 Rxa3 38. Rd3 Ra2+ 39. Ke1 Kf6 40. Bd5
Bxd5 41. Rxd5 b6 42. hxg5+ hxg5 43. Kf1 Rc2 44. Rd3 Kf5 45. Re3 Kg4 46. Re7
Rxc3 47. Rxc7 d5 48. Rb7 dxc4 49. Rxb6 Kxg3 0-1

[Event "Superettan(Schack 08-Wasa)"]
[Site "?"]
[Date "2011.11.12"]
[Round "2"]
[White "Arvidsson, Tomas"]
[Black "Sjoholm, Emil"]
[Result "1-0"]
[WhiteElo "2040"]
[BlackElo "1961"]
[PlyCount "119"]
[EventDate "2011.??.??"]

1. e4 e5 2. Nf3 Nc6 3. Bc4 Bc5 4. O-O Nf6 5. d3 O-O 6. c3 a6 7. d4 Ba7 8. dxe5
Nxe4 9. Bd5 Nc5 10. Bf4 Ne7 11. b4 Ne6 12. Bg3 Nf5 13. Qe2 Nxg3 14. hxg3 c6 15.
Bb3 d5 16. Nbd2 b5 17. Rad1 Qc7 18. Nh4 g6 19. Kh2 Ng7 20. f4 h5 21. Ra1 Bg4
22. Ndf3 Rae8 23. a4 Nf5 24. Qa2 Bb6 25. Nxf5 Bxf5 26. Nd4 Be4 27. Bc2 Bxc2 28.
Qxc2 Kg7 29. Nf3 Qd7 30. axb5 axb5 31. Ra6 Bd8 32. f5 f6 33. Nd4 fxe5 34. Ne6+
Rxe6 35. fxe6 Qxe6 36. Rxf8 Kxf8 37. Qf2+ Ke8 38. Qc5 Be7 39. Qxb5 cxb5 40.
Rxe6 d4 41. cxd4 exd4 42. Re4 d3 43. Rd4 Kf7 44. Kh3 Kf6 45. Rxd3 Bxb4 46. Rd5
Be1 47. Rxb5 g5 48. Rb6+ Kf5 49. Rh6 h4 50. gxh4 gxh4 51. Rxh4 Bxh4 52. Kxh4
Kg6 53. Kg4 Kh6 54. Kf5 Kg7 55. Kg5 Kh7 56. Kf6 Kh6 57. g4 Kh7 58. g5 Kg8 59.
Kg6 Kh8 60. Kf7 1-0

[Event "Superettan(Rodeby-Wasa)"]
[Site "?"]
[Date "2011.12.03"]
[Round "3"]
[White "Wedberg, Tom"]
[Black "Greiff, Hakan"]
[Result "1/2-1/2"]
[WhiteElo "2536"]
[BlackElo "2309"]
[PlyCount "120"]
[SourceDate "2011.12.29"]

1. e4 e5 2. Nf3 Nc6 3. Bb5 a6 4. Ba4 d6 5. c4 Bg4 6. Nc3 Be7 7. h3 Bxf3 8. Qxf3
Nf6 9. O-O O-O 10. Ne2 Nd4 11. Nxd4 exd4 12. d3 Rb8 13. b4 b5 14. cxb5 axb5 15.
Bb3 Nd7 16. Qe2 Nb6 17. Bd2 c5 18. Rac1 Rc8 19. f4 Qe8 20. Kh1 Qd7 21. bxc5
dxc5 22. Ba5 c4 23. Bxb6 cxb3 24. axb3 Qd6 25. Ba5 Rxc1 26. Rxc1 Qxf4 27. Qd2
Qe5 28. Bc7 Qe6 29. Qa2 Bg5 30. Rc5 Qf6 31. Qe2 h6 32. b4 Ra8 33. Ba5 Qf4 34.
Rf5 Qe3 35. Qf3 Rc8 36. Kh2 Rc1 37. Rxf7 Bf6 38. Rxf6 gxf6 39. Qxf6 Qg5 40.
Qe6+ Kh7 41. Qf7+ Qg7 42. Qf5+ Qg6 43. Qd7+ Qg7 44. Qf5+ Qg6 45. Qxb5 Rc2 46.
Qd7+ Kg8 47. Qd8+ Kh7 48. Qd7+ Kg8 49. Qd5+ Qf7 50. Qxf7+ Kxf7 51. Bb6 Rd2 52.
Bxd4 Rxd3 53. Bc5 Ke6 54. b5 Rb3 55. b6 Ke5 56. Kg1 h5 57. Kf2 Kxe4 58. Ke2 Rb5
59. Bf2 Rb2+ 60. Kf1 Rb1+ 1/2-1/2

[Event "Superettan(Rodeby-Wasa)"]
[Site "?"]
[Date "2011.12.03"]
[Round "3"]
[White "Wahlbom, Magnus"]
[Black "Astrom, Goran"]
[Result "1/2-1/2"]
[WhiteElo "2294"]
[BlackElo "2323"]
[PlyCount "84"]
[EventDate "2011.??.??"]

1. d4 Nf6 2. c4 e6 3. Nc3 Bb4 4. e3 c5 5. Nf3 Nc6 6. Bd3 Bxc3+ 7. bxc3 d6 8.
O-O e5 9. Nd2 cxd4 10. cxd4 exd4 11. exd4 Nxd4 12. Re1+ Ne6 13. Ne4 Nxe4 14.
Bxe4 O-O 15. Bb2 Nc5 16. Bc2 Be6 17. Qd4 f6 18. Rxe6 Nxe6 19. Qd5 Qd7 20. Re1
Rfe8 21. Bf5 Kf7 22. h4 Rac8 23. Bd4 g6 24. Bxe6+ Rxe6 25. Rxe6 Qxe6 26. Qxb7+
Ke8 27. Qxh7 Qf7 28. Qh8+ Kd7 29. Qh6 Rxc4 30. Bxa7 Ra4 31. Bb8 Ra8 32. Qe3 Qd5
33. Ba7 Qxa2 34. Bd4 Qe6 35. Qf3 Rf8 36. Qb7+ Ke8 37. g3 Rf7 38. Qa8+ Ke7 39.
Bb6 Rf8 40. Qb7+ Qd7 41. Qe4+ Kf7 42. h5 gxh5 1/2-1/2

[Event "Superettan(Rodeby-Wasa)"]
[Site "?"]
[Date "2011.12.03"]
[Round "3"]
[White "Collett, Peter"]
[Black "Ostling, Hakan"]
[Result "0-1"]
[WhiteElo "2262"]
[BlackElo "2238"]
[PlyCount "42"]
[SourceDate "2011.12.29"]

1. d4 f5 2. g3 Nf6 3. Bg2 g6 4. Nf3 Bg7 5. O-O d6 6. c4 O-O 7. Nc3 Qe8 8. Re1
Qf7 9. b3 Ne4 10. Bb2 Nc6 11. e3 e5 12. dxe5 dxe5 13. Qc2 Nb4 14. Qe2 Nc5 15.
Ba3 Nbd3 16. Ng5 Qf6 17. Nge4 fxe4 18. Nxe4 Nxe4 19. Bxf8 Qxf8 20. Qxd3 Qxf2+
21. Kh1 Qxe1+ 0-1